00674nam a2200181 i 450000100060000000300090000600500170001500700030003200800410003510000280007624501280010425000120023226000540024430000260029885200310032499900170035595201200037251215ES-MaACL20230906162323.0t|030811s1939 xxk ||||1| eng d1 aCharlesworth, J.93808310aBrooke's teatrise on the office and practice of a notary of England with a collection of precedents / cby J. Charlesworth. a9th ed. aLondon : bStevens & Sons, c1939 (fWhitefriars) aXV, 464 p. ; c23 cm. aES-MaACLjC-5531 bR.25983 c51215d51215 00104070aATENEOMbATENEOMcSPALd2008-01-17eSCl0oC-5531p1053866r2023-02-23 00:00:00w2023-02-23yMONOGRAFIA